000 00306nam a2200133Ia 4500
008 191201s2019 xx 000 0 und d
100 _aSINGH, Sarina
245 0 _aIndia
250 _a10th
260 _aN.Delhi
_bLonely Planet Publication
300 _a1087
650 _aGeneral Books
942 _2ddc
_cBK
999 _c1566
_d1566